El Anteproyecto de unificación de la legislación Civil y Comercial y algunas cuestiones vinculadas al derecho mercantil (Registro nro. 25304)

Detalles MARC
000 -LEADER
fixed length control field 00453 a2200109 4500
001 - CONTROL NUMBER
control field ART_10784
005 - DATE AND TIME OF LATEST TRANSACTION
control field 20260410161854.0
008 - FIXED-LENGTH DATA ELEMENTS--GENERAL INFORMATION
fixed length control field 260409a
100 1# - MAIN ENTRY--PERSONAL NAME
Personal name Cosentino, Javier J.
245 10 - TITLE STATEMENT
Title El Anteproyecto de unificación de la legislación Civil y Comercial y algunas cuestiones vinculadas al derecho mercantil
773 0# - HOST ITEM ENTRY
Title Derecho privado
Related parts Reforma del Código Civil I. Aspectos generales - Año I, Nº 2 (sep. 2012)
Record control number REV10455

No hay ítems disponibles.